All Crystal Palace Premier League Players Ever - Statistics

General Stats
  • This quiz has been taken 25 times
  • The average score is 180 of 387
Answer Stats
% Correct
2014/15 Cote D'Ivoire Wilfried Zaha 31
100%
2015/16 Cote D'Ivoire Wilfried Zaha 34
100%
2016/17 Cote D'Ivoire Wilfried Zaha 35
100%
2017/18 Cote D'Ivoire Wilfried Zaha 29
100%
2018/19 Cote D'Ivoire Wilfried Zaha 34
100%
2019/20 Cote D'Ivoire Wilfried Zaha 38
100%
2020/21 Cote D'Ivoire Wilfried Zaha 30
100%
2021/22 Cote D'Ivoire Wilfried Zaha 33
100%
2022/23 Cote D'Ivoire Wilfried Zaha 27
100%
2018/19 Ghana Jordan Ayew 20
95%
2019/20 Ghana Jordan Ayew 37
95%
2020/21 Ghana Jordan Ayew 33
95%
2021/22 Ghana Jordan Ayew 31
95%
2022/23 Ghana Jordan Ayew 38
95%
1997/98 England Marcus Bent 16
95%
2016/17 Belgium Christian Benteke 36
89%
2017/18 Belgium Christian Benteke 31
89%
2018/19 Belgium Christian Benteke 16
89%
2019/20 Belgium Christian Benteke 24
89%
2020/21 Belgium Christian Benteke 30
89%
2021/22 Belgium Christian Benteke 25
89%
2020/21 France Jean-Philippe Mateta 7
89%
2021/22 France Jean-Philippe Mateta 22
89%
2022/23 France Jean-Philippe Mateta 29
89%
2016/17 Belgium Jonathan Benteke 1
89%
2018/19 Spain Vicente Guaita 20
89%
2019/20 Spain Vicente Guaita 35
89%
2020/21 Spain Vicente Guaita 37
89%
2021/22 Spain Vicente Guaita 30
89%
2022/23 Spain Vicente Guaita 27
89%
2014/15 Scotland James McArthur 32
84%
2015/16 Scotland James McArthur 28
84%
2016/17 Scotland James McArthur 29
84%
2017/18 Scotland James McArthur 33
84%
2018/19 Scotland James McArthur 38
84%
2019/20 Scotland James McArthur 37
84%
2020/21 Scotland James McArthur 18
84%
2021/22 Scotland James McArthur 21
84%
2022/23 Scotland James McArthur 4
84%
2021/22 Denmark Joachim Andersen 34
84%
2022/23 Denmark Joachim Andersen 32
84%
2013/14 England Joel Ward 36
84%
2014/15 England Joel Ward 37
84%
2015/16 England Joel Ward 30
84%
2016/17 England Joel Ward 38
84%
2017/18 England Joel Ward 19
84%
2018/19 England Joel Ward 7
84%
2019/20 England Joel Ward 29
84%
2020/21 England Joel Ward 26
84%
2021/22 England Joel Ward 28
84%
2022/23 England Joel Ward 28
84%
2021/22 England Marc Guehi 36
84%
2022/23 England Marc Guehi 37
84%
2021/22 France Michael Olise 26
84%
2022/23 France Michael Olise 37
84%
2021/22 France Odsonne Edouard 28
84%
2022/23 France Odsonne Edouard 35
84%
2019/20 England Tyrick Mitchell 4
84%
2020/21 England Tyrick Mitchell 19
84%
2021/22 England Tyrick Mitchell 36
84%
2022/23 England Tyrick Mitchell 36
84%
2015/16 England Alex McCarthy 7
79%
2022/23 Mali Cheick Doucoure 34
79%
2018/19 Senegal Cheikhou Kouyate 21
79%
2019/20 Senegal Cheikhou Kouyate 35
79%
2020/21 Senegal Cheikhou Kouyate 36
79%
2021/22 Senegal Cheikhou Kouyate 27
79%
2020/21 England Eberechi Eze 34
79%
2021/22 England Eberechi Eze 13
79%
2022/23 England Eberechi Eze 38
79%
2019/20 Ireland James McCarthy 33
79%
2020/21 Ireland James McCarthy 16
79%
2016/17 Ghana Jeffrey Schlupp 15
79%
2017/18 Ghana Jeffrey Schlupp 24
79%
2018/19 Ghana Jeffrey Schlupp 30
79%
2019/20 Ghana Jeffrey Schlupp 17
79%
2020/21 Ghana Jeffrey Schlupp 27
79%
2021/22 Ghana Jeffrey Schlupp 32
79%
2022/23 Ghana Jeffrey Schlupp 34
79%
2004/05 Argentina Julian Speroni 6
79%
2013/14 Argentina Julian Speroni 37
79%
2014/15 Argentina Julian Speroni 36
79%
2015/16 Argentina Julian Speroni 2
79%
2017/18 Argentina Julian Speroni 11
79%
2018/19 Argentina Julian Speroni 1
79%
2016/17 Serbia Luka Milivojevic 14
79%
2017/18 Serbia Luka Milivojevic 36
79%
2018/19 Serbia Luka Milivojevic 38
79%
2019/20 Serbia Luka Milivojevic 31
79%
2020/21 Serbia Luka Milivojevic 31
79%
2021/22 Serbia Luka Milivojevic 15
79%
2022/23 Serbia Luka Milivojevic 18
79%
2013/14 Ireland Paddy McCarthy 1
79%
2022/23 England Sam Johnstone 9
79%
2013/14 DR Congo Yannick Bolasie 29
79%
2014/15 DR Congo Yannick Bolasie 34
79%
2015/16 DR Congo Yannick Bolasie 26
79%
2016/17 DR Congo Yannick Bolasie 1
79%
2016/17 England Andros Townsend 36
74%
2017/18 England Andros Townsend 36
74%
2018/19 England Andros Townsend 38
74%
2019/20 England Andros Townsend 24
74%
2020/21 England Andros Townsend 34
74%
2022/23 United States Chris Richards 9
74%
2017/18 Netherlands Jairo Riedewald 12
74%
2019/20 Netherlands Jairo Riedewald 17
74%
2020/21 Netherlands Jairo Riedewald 33
74%
2021/22 Netherlands Jairo Riedewald 3
74%
2022/23 Netherlands Jairo Riedewald 6
74%
2013/14 Australia Mile Jedinak 38
74%
2014/15 Australia Mile Jedinak 24
74%
2015/16 Australia Mile Jedinak 27
74%
2016/17 Australia Mile Jedinak 1
74%
2020/21 England Nathaniel Clyne 13
74%
2021/22 England Nathaniel Clyne 16
74%
2022/23 England Nathaniel Clyne 22
74%
2016/17 England James Tomkins 24
68%
2017/18 England James Tomkins 28
68%
2018/19 England James Tomkins 29
68%
2019/20 England James Tomkins 18
68%
2020/21 England James Tomkins 8
68%
2021/22 England James Tomkins 8
68%
2022/23 England James Tomkins 6
68%
2004/05 Northern Ireland Michael Hughes 36
68%
2016/17 Netherlands Patrick van Aanholt 11
68%
2017/18 Netherlands Patrick van Aanholt 28
68%
2018/19 Netherlands Patrick van Aanholt 36
68%
2019/20 Netherlands Patrick van Aanholt 29
68%
2020/21 Netherlands Patrick van Aanholt 22
68%
2013/14 Wales Wayne Hennessey 1
68%
2014/15 Wales Wayne Hennessey 3
68%
2015/16 Wales Wayne Hennessey 29
68%
2016/17 Wales Wayne Hennessey 29
68%
2017/18 Wales Wayne Hennessey 27
68%
2018/19 Wales Wayne Hennessey 18
68%
2019/20 Wales Wayne Hennessey 3
68%
2021/22 England Will Hughes 16
68%
2022/23 England Will Hughes 27
68%
2014/15 South Korea Lee Chung-Yong 3
63%
2015/16 South Korea Lee Chung-Yong 13
63%
2016/17 South Korea Lee Chung-Yong 15
63%
2017/18 South Korea Lee Chung-Yong 7
63%
2021/22 England Conor Gallagher 34
58%
2013/14 England Dwight Gayle 23
58%
2014/15 England Dwight Gayle 25
58%
2015/16 England Dwight Gayle 16
58%
1997/98 England Jamie Smith 18
58%
2013/14 England Scott Dann 14
58%
2014/15 England Scott Dann 34
58%
2015/16 England Scott Dann 35
58%
2016/17 England Scott Dann 23
58%
2017/18 England Scott Dann 17
58%
2018/19 England Scott Dann 10
58%
2019/20 England Scott Dann 16
58%
2020/21 England Scott Dann 15
58%
2015/16 France Yohan Cabaye 33
58%
2016/17 France Yohan Cabaye 32
58%
2017/18 France Yohan Cabaye 31
58%
2004/05 England Andrew Johnson 37
53%
2019/20 England Gary Cahill 25
53%
2020/21 England Gary Cahill 20
53%
2016/17 France Mamadou Sakho 8
53%
2017/18 France Mamadou Sakho 19
53%
2018/19 France Mamadou Sakho 27
53%
2019/20 France Mamadou Sakho 14
53%
2020/21 France Mamadou Sakho 4
53%
2014/15 England Martin Kelly 31
53%
2015/16 England Martin Kelly 13
53%
2016/17 England Martin Kelly 29
53%
2017/18 England Martin Kelly 15
53%
2018/19 England Martin Kelly 13
53%
2019/20 England Martin Kelly 19
53%
2020/21 England Martin Kelly 1
53%
2017/18 England Aaron Wan-Bissaka 7
47%
2018/19 England Aaron Wan-Bissaka 35
47%
2013/14 Ireland Damien Delaney 37
47%
2014/15 Ireland Damien Delaney 29
47%
2015/16 Ireland Damien Delaney 32
47%
2016/17 Ireland Damien Delaney 30
47%
2017/18 Ireland Damien Delaney 2
47%
2015/16 Togo Emmanuel Adebayor 12
47%
2013/14 England Glenn Murray 14
47%
2014/15 England Glenn Murray 17
47%
2015/16 England Glenn Murray 2
47%
2013/14 England Kevin Phillips 4
47%
2013/14 Morocco Marouane Chamakh 32
47%
2014/15 Morocco Marouane Chamakh 18
47%
2015/16 Morocco Marouane Chamakh 10
47%
2018/19 Germany Max Meyer 29
47%
2019/20 Germany Max Meyer 17
47%
2013/14 Jamaica Adrian Mariappa 24
42%
2014/15 Jamaica Adrian Mariappa 12
42%
2015/16 Jamaica Adrian Mariappa 3
42%
2017/18 Norway Alexander Sorloth 4
42%
2018/19 Norway Alexander Sorloth 12
42%
2014/15 England Fraizer Campbell 20
42%
2015/16 England Fraizer Campbell 11
42%
2016/17 England Fraizer Campbell 12
42%
1992/93 England Gareth Southgate 33
42%
1994/95 England Gareth Southgate 42
42%
2013/14 Wales Joe Ledley 14
42%
2014/15 Wales Joe Ledley 32
42%
2015/16 Wales Joe Ledley 19
42%
2016/17 Wales Joe Ledley 18
42%
2013/14 Wales Jonathan Williams 9
42%
2014/15 Wales Jonathan Williams 2
42%
2015/16 Wales Jonathan Williams 1
42%
1992/93 England Mark Bright 5
42%
2018/19 Belgium Michy Batshuayi 11
42%
2020/21 Belgium Michy Batshuayi 18
42%
2021/22 England Nathan Ferguson 1
42%
1992/93 England Paul Williams 18
42%
1994/95 England Paul Williams 4
42%
1997/98 Italy Attilio Lombardo 24
37%
2015/16 Mali Bakary Sako 20
37%
2016/17 Mali Bakary Sako 7
37%
2017/18 Mali Bakary Sako 16
37%
2018/19 Mali Bakary Sako 4
37%
2014/15 Norway Brede Hangeland 14
37%
2015/16 Norway Brede Hangeland 7
37%
1994/95 England Bruce Dyer 16
37%
1997/98 England Bruce Dyer 24
37%
1997/98 Ireland Clinton Morrison 1
37%
1992/93 England Geoff Thomas 29
37%
2013/14 England Jerome Thomas 9
37%
2014/15 England Jerome Thomas 1
37%
1992/93 England Nigel Martyn 42
37%
1994/95 England Nigel Martyn 37
37%
2022/23 Belgium Albert Sambi Lokonga 9
32%
2015/16 England Connor Wickham 21
32%
2016/17 England Connor Wickham 8
32%
2018/19 England Connor Wickham 6
32%
2019/20 England Connor Wickham 6
32%
1997/98 Scotland Dougie Freedman 7
32%
2004/05 Scotland Dougie Freedman 20
32%
2004/05 Hungary Gabor Kiraly 32
32%
1997/98 Wales Gareth Davies 1
32%
2020/21 England Jack Butland 1
32%
2021/22 England Jack Butland 9
32%
2021/22 England Jesurun Rak-Sakyi 2
32%
2016/17 France Steve Mandanda 9
32%
1997/98 England Andy Roberts 25
26%
2013/14 Scotland Barry Bannan 15
26%
2014/15 Scotland Barry Bannan 7
26%
2004/05 England Ben Watson 21
26%
2019/20 Turkey Cenk Tosun 5
26%
1992/93 England Chris Armstrong 35
26%
1994/95 England Chris Armstrong 40
26%
1992/93 Wales Chris Coleman 38
26%
1994/95 Wales Chris Coleman 35
26%
2004/05 Barbados Emmerson Boyce 27
26%
1992/93 Wales Eric Young 38
26%
1994/95 Wales Eric Young 13
26%
2004/05 England Fitz Hall 36
26%
2013/14 England Jason Puncheon 34
26%
2014/15 England Jason Puncheon 37
26%
2015/16 England Jason Puncheon 31
26%
2016/17 England Jason Puncheon 36
26%
2017/18 England Jason Puncheon 10
26%
2018/19 England Jason Puncheon 5
26%
1997/98 England Kevin Miller 38
26%
2014/15 Senegal Pape Souare 9
26%
2015/16 Senegal Pape Souare 34
26%
2016/17 Senegal Pape Souare 3
26%
2017/18 Senegal Pape Souare 1
26%
2018/19 Senegal Pape Souare 1
26%
1992/93 England Richard Shaw 33
26%
1994/95 England Richard Shaw 41
26%
2017/18 England Ruben Loftus-Cheek 24
26%
2004/05 Australia Tony Popovic 23
26%
2013/14 England Cameron Jerome 28
21%
2013/14 England Dean Moxey 20
21%
1992/93 England Grant Watts 4
21%
1997/98 Iceland Hermann Hreidarsson 30
21%
1992/93 England John Salako 13
21%
1994/95 England John Salako 39
21%
2013/14 South Africa Kagisho Dikgacoi 26
21%
2022/23 France Naouirou Ahamada 8
21%
1997/98 England Robert Quinn 1
21%
1992/93 England Simon Rodger 23
21%
1994/95 England Simon Rodger 4
21%
1997/98 England Simon Rodger 29
21%
2013/14 England Stuart O'Keefe 12
21%
2014/15 England Stuart O'Keefe 2
21%
2004/05 Finland Aki Riihilahti 32
16%
1992/93 England Andy Thorn 34
16%
1994/95 England Damien Matthew 4
16%
2004/05 England Danny Butterfield 7
16%
2013/14 Wales Danny Gabbidon 23
16%
2004/05 England Danny Granville 35
16%
2022/23 England David Ozoh 1
16%
1992/93 England Dean Gordon 10
16%
1994/95 England Dean Gordon 41
16%
1997/98 England Dean Gordon 37
16%
2014/15 England Ezekiel Fryers 1
16%
2016/17 England Ezekiel Fryers 8
16%
2015/16 England Hiram Boateng 1
16%
1994/95 Northern Ireland Iain Dowie 15
16%
2022/23 England Joe Whitworth 2
16%
2013/14 Norway Jonathan Parr 15
16%
2004/05 Finland Joonas Kolkka 23
16%
2014/15 England Jordon Mutch 7
16%
2015/16 England Jordon Mutch 20
16%
2016/17 England Jordon Mutch 4
16%
2013/14 Spain Jose Campana 6
16%
2016/17 France Loic Remy 5
16%
1997/98 England Marc Edworthy 34
16%
2015/16 England Patrick Bamford 6
16%
2004/05 England Shaun Derry 6
16%
2015/16 Sierra Leone Sullay Kaikai 1
16%
2016/17 Sierra Leone Sullay Kaikai 1
16%
2017/18 Sierra Leone Sullay Kaikai 1
16%
1997/98 Sweden Thomas Brolin 13
16%
2013/14 England Tom Ince 8
16%
2019/20 Spain Victor Camarasa 1
16%
2004/05 England Wayne Routledge 38
16%
2014/15 France Yaya Sanogo 10
16%
2013/14 Algeria Adlene Guedioura 8
11%
2014/15 Algeria Adlene Guedioura 7
11%
1992/93 England Bobby Bowry 11
11%
1994/95 England Bobby Bowry 18
11%
1994/95 England Darren Pitcher 25
11%
2004/05 England Darren Powell 6
11%
1992/93 Ireland Eddie McGoldrick 42
11%
1994/95 Trinidad & Tobago Ian Cox 11
11%
1997/98 Italy Ivano Bonetti 2
11%
2014/15 Ireland Kevin Doyle 3
11%
2018/19 England Luke Dreher 1
11%
2022/23 England Malcolm Ebiowei 3
11%
1997/98 Italy Michele Padovano 10
11%
2004/05 Antigua & Barbuda Mikele Leigertwood 20
11%
1997/98 England Neil Shipperley 25
11%
2004/05 England Neil Shipperley 1
11%
1997/98 England Paul Warhurst 22
11%
1994/95 Ireland Ray Houghton 10
11%
1994/95 England Ray Wilkins 1
11%
1997/98 St. Kitts & Nevis Sagi Burton 2
11%
2004/05 Hungary Sandor Torghelle 12
11%
1997/98 Serbia Sasa Curcic 8
11%
2014/15 Nigeria Shola Ameobi 4
11%
1992/93 England Simon Osborn 31
11%
1992/93 England Stan Collymore 2
11%
2013/14 Scotland Stephen Dobbie 1
11%
2017/18 Netherlands Timothy Fosu-Mensah 21
11%
2004/05 England Tom Soares 22
11%
1997/98 France Valerien Ismael 13
11%
2013/14 England Aaron Wilbraham 4
5%
1997/98 England Andy Linighan 26
5%
1994/95 England Andy Preece 20
5%
2019/20 England Brandon Pierrick 2
5%
1994/95 Ireland Brian Launders 2
5%
1997/98 Australia Carl Veart 6
5%
1997/98 England Danny Boxall 1
5%
1994/95 Northern Ireland Darren Patterson 22
5%
1997/98 England David Tuttle 9
5%
2017/18 England Freddie Ladapo 1
5%
2004/05 England Gary Borrowdale 7
5%
1992/93 England George Ndah 13
5%
1994/95 England George Ndah 12
5%
1997/98 England George Ndah 3
5%
2004/05 Uruguay Gonzalo Sorondo 20
5%
1997/98 Israel Itzik Zohar 6
5%
2004/05 Ecuador Ivan Kaviedes 4
5%
1997/98 England Jamie Fullarton 25
5%
2013/14 Mali Jimmy Kebe 6
5%
1992/93 England John Humphrey 32
5%
1994/95 England John Humphrey 21
5%
1997/98 Australia Kevin Muscat 9
5%
1992/93 England Lee Sinnott 19
5%
1997/98 England Leon McKenzie 3
5%
2017/18 England Levi Lumeka 1
5%
2004/05 England Mark Hudson 7
5%
2016/17 France Mathieu Flamini 10
5%
1997/98 England Matt Jansen 8
5%
1997/98 England Neil Emblen 13
5%
2004/05 Italy Nicola Ventola 3
5%
2013/14 Ireland Owen Garvan 2
5%
1997/98 Italy Patrizio Billio 3
5%
1992/93 England Paul Mortimer 1
5%
1994/95 Wales Rhys Wilmot 6
5%
1992/93 England Ricky Newman 2
5%
1994/95 England Ricky Newman 35
5%
1997/98 Ireland Rory Ginty 5
5%
1992/93 England Stuart Massey 1
5%
1997/98 Ireland Tony Folan 1
5%
2004/05 Greece Vassilis Lakis 18
5%
2004/05 England Wayne Andrews 9
5%
No matching quizzes found
Score Distribution
Percent of People with Each Score
Percentile by Number Answered
Your Score History
You have not taken this quiz